| 000 -ლიდერი |
| ფიქსირებული სიგრძის საკონტროლო ველი |
00950nam a22001937a 4500 |
| 003 - საკონტროლო ნომრის იდენტიფიკატორი |
| საკონტროლო ველი |
Ge_BSU |
| 005 - ბოლო ოპერაციის თარიღი და დრო |
| საკონტროლო ველი |
20250306110621.0 |
| 008 - ფიქსირებული სიგრძის მონაცემთა ელემენტები - ზოგადი ინფორმაცია |
| ფიქსირებული სიგრძის საკონტროლო ველი |
250306s2000 ge ||||| |||| 00| 0 geo d |
| 041 ## - ენის კოდი |
| Language code of text/sound track or separate title |
geo |
| 080 ## - უნივერსალური ათობითი კლასიფიკაციის ინდექსი |
| Universal Decimal Classification number |
618.1/2(035) ც-76 |
| 245 ## - ცნობა სათაურის შესახებ |
| Title |
ციფრები, ფორმულები და გამოთვლები მეან-გინეკოლოგიაში : |
| Remainder of title |
(ცნობარი) / |
| Statement of responsibility, etc |
[შემდგ.: ზაზა ფულარიანი და სხვ.]. |
| 264 ## - წარმოების, გამოცემის, დისტრიბუციის და სხვა ცნობები |
| გამოცემის, წარმოების, დისტრიბუციის... ადგილი |
თბ. : |
| გამოცემის, წარმოების, დისტრიბუციის... სახელწოდება |
მთაწმინდელი, |
| გამოცემის, წარმოების, დისტრიბუციის... თარიღი |
2000. |
| 300 ## - ფიზიკური აღწერა |
| Extent |
139 გვ. : |
| Other physical details |
სურ. ; |
| Dimensions |
10 სმ. |
| 490 ## - სერიის ცნობა |
| Series statement |
საცნობარო სახელმძღვ. ექიმებისა და სტუდ.-თვის |
| 504 ## - BIBLIOGRAPHY, ETC. NOTE |
| Bibliography, etc |
ბიბლიოგრ.: გვ. 137. |
| 653 ## - INDEX TERM--UNCONTROLLED |
| Uncontrolled term |
მეანობა-გინეკოლოგია |
| 653 ## - INDEX TERM--UNCONTROLLED |
| Uncontrolled term |
მედიცინა |
| 942 ## - ADDED ENTRY ELEMENTS (KOHA) |
| Source of classification or shelving scheme |
|
| Koha item type |
წიგნი |